000
00300nam a2200133Ia 4500
008
150301s2015 xx 000 0 und d
082
_a
615.1
_b
M15S
100
_a
SUPRIMA
245
_a
MEDICAL HANDBOOK ON STATIN
260
_b
LOPRICAR
300
_a
176
650
_a
PHARMACEUTICS
942
_2
ddc
_c
BK
999
_c
7371
_d
7371